书目信息 |
| 题名: |
中外建筑师事务所作品精粹
|
|
| 作者: | 余力 , 刘师升 主编 | |
| 分册: | 1 | |
| 出版信息: | 长沙 湖南科学技术出版社 2006.09 |
|
| 页数: | 1册 | |
| 开本: | 31cm | |
| 丛书名: | ||
| 单 册: | ||
| 中图分类: | TU206 | |
| 科图分类: | ||
| 主题词: | 建筑设计--jian zhu she ji--世界--现代--作品集 | |
| 电子资源: | ||
| ISBN: | 7-5357-4637-3 | |
| 000 | 01104nam0 2200241 450 | |
| 001 | 012007973207 | |
| 005 | 20101216112953.14 | |
| 010 | @a7-5357-4637-3@b精装@dCNY198.00 | |
| 100 | @a20070416d2006 km y0chiy0120 ea | |
| 101 | 0 | @achi |
| 102 | @aCN@b430000 | |
| 105 | @aa z 000yy | |
| 200 | 1 | @a中外建筑师事务所作品精粹@Azhong wai jian zhu shi shi wu suo zuo pin jing cui@d= The collection of external and internal architect office works@h1@f余力, 刘师升主编@Fyu li,liu shi sheng zhu bian@zeng |
| 210 | @a长沙@c湖南科学技术出版社@d2006.09 | |
| 215 | @a1册@c图@d31cm | |
| 330 | @a本书精选40家中国本土比较优秀的建筑师事务所以及工作室,介绍了各事务所的设计理念和近期建成或正在建设的建筑设计作品,提供了对民营事务所这一新生事物回顾历史、展示成绩的阶段性平台,有助于客观地审视和全面了解中国本土建筑师的当代实践现状。 | |
| 510 | 1 | @aCollection of external and internal architect office works@zeng |
| 606 | 0 | @a建筑设计@Ajian zhu she ji@y世界@z现代@j作品集 |
| 690 | @aTU206@v4 | |
| 701 | 0 | @a余力@Ayu li@4主编 |
| 701 | 0 | @a刘师升@Aliu shi sheng@4主编 |
| 801 | 0 | @aCN@c20070625 |
| 905 | @dTU206@eY762 | |
| 中外建筑师事务所作品精粹= The collection of external and internal architect office works.1/余力, 刘师升主编.-长沙:湖南科学技术出版社,2006.09 |
| 1册:图;31cm |
| ISBN 7-5357-4637-3(精装):CNY198.00 |
| 本书精选40家中国本土比较优秀的建筑师事务所以及工作室,介绍了各事务所的设计理念和近期建成或正在建设的建筑设计作品,提供了对民营事务所这一新生事物回顾历史、展示成绩的阶段性平台,有助于客观地审视和全面了解中国本土建筑师的当代实践现状。 |
| ● |
| 相关链接 |
|
|
|
正题名:中外建筑师事务所作品精粹
索取号:TU206/Y762
 
预约/预借
| 序号 | 登录号 | 条形码 | 馆藏地/架位号 | 状态 | 备注 |
| 1 | 241096 | 202410961 | 建筑库101/101建筑库 43排7列1层/ [索取号:TU206/Y762] | 在馆 | |
| 2 | 241097 | 202410970 | 建筑与城市规划学院资料室/101建筑库 17排3列1层/ [索取号:TU206/Y762] | 在馆 | |
| 3 | 241098 | 202410989 | 建筑库101/101建筑库 43排7列1层/ [索取号:TU206/Y762] | 在馆 | |
| 4 | 825682 | 208256821 | 建筑与城市规划学院资料室/ [索取号:TU206/Y762] | 在馆 |